000 00917pam a2200205 a 4500
020 _a0070087776 (acidfree paper)
082 0 0 _a625.70973
_bHIG
_cL-39, P-182
245 0 0 _aHighway engineering handbook :
_bbuilding and rehabilitating the infrastructure /
_cRoger L. Brockenbrough, editor, Kenneth J. Boedecker, Jr., editor.
260 _aNew York :
_bMcGraw-Hill,
_cc1996.
300 _a1 v. (various pagings) :
_bill. ;
_c24 cm.
526 _a0
_b0
_c0
_d625_709730000000000_HIG
650 0 _aHighway engineering
_zUnited States
_xHandbooks, manuals, etc.
_943611
650 0 _aMCE
_9379
700 1 _aBoedecker, Kenneth J.
_943612
700 1 _aBrockenbrough, R. L.
_925472
856 4 1 _uhttp://www.loc.gov/catdir/enhancements/fy0602/95048283-t.html
856 4 2 _uhttp://www.loc.gov/catdir/description/mh022/95048283.html
856 4 2 _uhttp://www.loc.gov/catdir/enhancements/fy0602/95048283-b.html
942 _2ddc
_cBK
999 _c547414
_d547414